[Event "Douglas IoM op"]
[Site "Douglas"]
[Date "2018.10.21"]
[Round "2"]
[White "Adhiban, Baskaran"]
[Black "Olafsson, Helgi"]
[Result "1/2-1/2"]
[WhiteElo "2668"]
[BlackElo "2510"]
[PlyCount "79"]
[EventDate "2018.10.20"]
[EventType "swiss"]
[EventRounds "9"]
[EventCountry "ENG"]
[SourceTitle "CBM 187"]
[Source "ChessBase"]
[SourceDate "2018.12.11"]
[SourceVersion "1"]
[SourceVersionDate "2018.12.11"]
[SourceQuality "1"]

1. e4 e5 2. Bc4 Nf6 3. d3 Nc6 4. Nf3 Bc5 5. 0-0 d6 6. c3 a6 7. a4 h6 8. Re1 0-0 9. Nbd2 Re8 10. Nf1 Ba7 11. Ng3 d5 12. exd5 Nxd5 13. d4 Nb6 14. Bb3 exd4 15. Rxe8+ Qxe8 16. Qd3 Qf8 17. Bc2 g6 18. Bb3 Qg7 19. Nxd4 Na5 20. Bc2 c5 21. Nf3 Be6 22. Bf4 Nc6 23. Qd2 Nc4 24. Qc1 g5 25. Be3 N6e5 26. Be4 Nxf3+ 27. Bxf3 Rb8 28. h3 Qe5 29. Nf1 Bb6 30. Qc2 Bc7 31. Re1 b5 32. axb5 Rxb5 33. Bd2 Rxb2 34. Qa4 Nxd2 35. Rxe5 Nxf3+ 36. gxf3 Bxe5 37. Ne3 Kg7 38. Kg2 Bxc3 39. Qxa6 Bd4 40. Qd3 1/2-1/2

[Event "Douglas IoM op"]
[Site "Douglas"]
[Date "2018.10.20"]
[Round "1"]
[White "Olafsson, Helgi"]
[Black "Paramzina, Anastasya"]
[Result "1-0"]
[WhiteElo "2510"]
[BlackElo "2243"]
[PlyCount "53"]
[EventDate "2018.10.20"]
[EventType "swiss"]
[EventRounds "9"]
[EventCountry "ENG"]
[SourceTitle "CBM 187"]
[Source "ChessBase"]
[SourceDate "2018.12.11"]
[SourceVersion "1"]
[SourceVersionDate "2018.12.11"]
[SourceQuality "1"]

1. d4 Nf6 2. c4 g6 3. Nc3 Bg7 4. e4 d6 5. Be2 0-0 6. Be3 e5 7. d5 Ne8 8. g4 f5 9. gxf5 gxf5 10. exf5 Bxf5 11. Nf3 Na6 12. Rg1 Nb4 13. Rc1 a5 14. a3 Na6 15. Ng5 c6 16. Bd3 Nac7 17. Bxf5 Rxf5 18. Qd3 Qd7 19. Rg3 h6 20. Nf3 Nf6 21. Nh4 Rh5 22. Ne4 Rf8 23. Ng6 Rf7 24. dxc6 bxc6 25. Nxd6 Ng4 26. Rd1 Rf6 27. Ne4 1-0

[Event "PRO League Stage"]
[Site "Chess.com INT"]
[Date "2018.03.07"]
[Round "9"]
[White "Olafsson, Helgi"]
[Black "Admiraal, Miguoel"]
[Result "0-1"]
[WhiteElo "2508"]
[BlackElo "2453"]
[PlyCount "66"]
[EventDate "2018.01.18"]
[EventType "team-swiss (rapid)"]
[EventRounds "9"]
[EventCountry "USA"]
[SourceTitle "EXT 2019"]
[Source "ChessBase"]
[SourceDate "2018.10.10"]
[SourceVersion "1"]
[SourceVersionDate "2018.10.10"]
[SourceQuality "1"]
[WhiteTeam "Reykjavik Puffins"]
[BlackTeam "Amsterdam Mosquitos"]
[WhiteTeamCountry "ISL"]
[BlackTeamCountry "NED"]

1. d4 d5 2. Nf3 Nf6 3. c4 e6 4. e3 Be7 5. Nbd2 0-0 6. Bd3 c5 7. dxc5 Na6 8. a3 Nxc5 9. Bc2 dxc4 10. Nxc4 Qxd1+ 11. Kxd1 b6 12. Ke2 Ba6 13. Nfd2 Rac8 14. b3 Nd5 15. Bb2 b5 16. Ne5 Na4 17. Bxh7+ Kxh7 18. bxa4 b4+ 19. Kd1 bxa3 20. Bxa3 Nc3+ 21. Ke1 Bxa3 22. Rxa3 Nb1 23. Nxb1 Rc1+ 24. Kd2 Rxh1 25. Kc2 Rxh2 26. Nd2 Rxg2 27. Ne4 Bb7 28. Nd6 Rxf2+ 29. Kc3 Ba8 30. Kb4 f6 31. Nd3 Rd2 32. Kc5 Rd8 33. a5 Rxd6 0-1

[Event "ISL-chT 1718"]
[Site "Reykjavik"]
[Date "2018.03.03"]
[Round "9.5"]
[White "Dziuba, Marcin"]
[Black "Olafsson, Helgi"]
[Result "1/2-1/2"]
[WhiteElo "2573"]
[BlackElo "2512"]
[PlyCount "47"]
[EventDate "2017.10.19"]
[EventType "team-tourn"]
[EventRounds "9"]
[EventCountry "ISL"]
[SourceTitle "EXT 2019"]
[Source "ChessBase"]
[SourceDate "2018.10.10"]
[SourceVersion "1"]
[SourceVersionDate "2018.10.10"]
[SourceQuality "1"]
[WhiteTeam "Víkingaklubburinn"]
[BlackTeam "Huginn"]
[WhiteTeamCountry "ISL"]
[BlackTeamCountry "ISL"]

1. d4 Nf6 2. c4 e6 3. Nf3 d5 4. g3 Bb4+ 5. Bd2 Be7 6. Bg2 0-0 7. 0-0 Nbd7 8. Qc2 c6 9. Rd1 b6 10. b3 a5 11. Bc3 Ba6 12. Nbd2 Ba3 13. e4 Rc8 14. e5 Ne8 15. Bb2 Bxb2 16. Qxb2 Nc7 17. cxd5 cxd5 18. Rdc1 Qe7 19. Bf1 Bxf1 20. Nxf1 Nb5 21. a4 Nc7 22. Ne3 Nb8 23. h4 Nca6 24. Rxc8 1/2-1/2

[Event "PRO League Stage"]
[Site "Chess.com INT"]
[Date "2018.02.28"]
[Round "8"]
[White "Olafsson, Helgi"]
[Black "Harvey, Marcus Ross"]
[Result "1/2-1/2"]
[WhiteElo "2508"]
[BlackElo "2349"]
[PlyCount "143"]
[EventDate "2018.01.18"]
[EventType "team-swiss (rapid)"]
[EventRounds "9"]
[EventCountry "USA"]
[SourceTitle "EXT 2019"]
[Source "ChessBase"]
[SourceDate "2018.10.10"]
[SourceVersion "1"]
[SourceVersionDate "2018.10.10"]
[SourceQuality "1"]
[WhiteTeam "Reykjavik Puffins"]
[BlackTeam "London Lions"]
[WhiteTeamCountry "ISL"]
[BlackTeamCountry "ENG"]

1. d4 Nf6 2. Nf3 e6 3. c4 Bb4+ 4. Nbd2 0-0 5. a3 Bxd2+ 6. Bxd2 Ne4 7. g3 Nxd2 8. Qxd2 b6 9. Bg2 Bb7 10. 0-0 d6 11. Rfe1 Nd7 12. e4 Nf6 13. Qc2 Qe7 14. Rad1 e5 15. d5 a5 16. b3 g6 17. Bh3 Bc8 18. Bxc8 Rfxc8 19. Kg2 Kg7 20. Nd2 h5 21. h4 Ng4 22. Qc3 Rf8 23. Nf3 Nf6 24. Qd3 Nh7 25. Ra1 Qd7 26. b4 axb4 27. axb4 Ra4 28. Qc3 Rfa8 29. Rxa4 Qxa4 30. c5 bxc5 31. bxc5 Nf6 32. cxd6 cxd6 33. Ng5 Qa5 34. Qxa5 Rxa5 35. Rb1 Ra7 36. Rb6 Rd7 37. Kf3 Nh7 38. Nh3 Kf6 39. Ke3 g5 40. hxg5+ Nxg5 41. Ng1 Ra7 42. Rxd6+ Ke7 43. Rh6 Ra3+ 44. Ke2 Nxe4 45. Nf3 Ra2+ 46. Ke3 Nxf2 47. d6+ Kd8 48. Nxe5 Ng4+ 49. Nxg4 hxg4 50. Kf4 Ra4+ 51. Kf5 Kd7 52. Rf6 Ke8 53. Kg5 Rb4 54. Rf4 Rxf4 55. Kxf4 Kd7 56. Ke5 Kc6 57. Kf6 Kxd6 58. Kxf7 Ke5 59. Kg6 Ke6 60. Kg5 Kf7 61. Kxg4 Kg6 62. Kf4 Kf6 63. g4 Kg6 64. g5 Kg7 65. Kg4 Kg6 66. Kf4 Kg7 67. Kf5 Kf7 68. g6+ Kg7 69. Kg5 Kg8 70. Kf6 Kf8 71. g7+ Kg8 72. Kg6 1/2-1/2

[Event "PRO League Stage"]
[Site "Chess.com INT"]
[Date "2018.02.24"]
[Round "7"]
[White "Akobian, Varuzhan"]
[Black "Olafsson, Helgi"]
[Result "1-0"]
[WhiteElo "2647"]
[BlackElo "2508"]
[PlyCount "93"]
[EventDate "2018.01.18"]
[EventType "team-swiss (rapid)"]
[EventRounds "9"]
[EventCountry "USA"]
[SourceTitle "EXT 2019"]
[Source "ChessBase"]
[SourceDate "2018.10.10"]
[SourceVersion "1"]
[SourceVersionDate "2018.10.10"]
[SourceQuality "1"]
[WhiteTeam "Saint Louis Arch Bishops"]
[BlackTeam "Reykjavik Puffins"]
[WhiteTeamCountry "USA"]
[BlackTeamCountry "ISL"]

1. d4 Nf6 2. c4 e6 3. Nc3 Bb4 4. Qc2 0-0 5. Nf3 c5 6. dxc5 Na6 7. g3 Nxc5 8. Bg2 Nce4 9. 0-0 Nxc3 10. bxc3 Be7 11. e4 d6 12. e5 dxe5 13. Nxe5 Qc7 14. Qe2 Nd7 15. Bf4 Nxe5 16. Bxe5 Bd6 17. Bxd6 Qxd6 18. Rab1 Rb8 19. Rfd1 Qc7 20. Qd3 b6 21. Qd6 Qxd6 22. Rxd6 Bb7 23. Rd7 Bxg2 24. Kxg2 Ra8 25. c5 bxc5 26. Rbb7 a5 27. a4 g5 28. Rb5 h6 29. Kf3 c4 30. Rc7 Rfd8 31. Rxc4 Rd2 32. h4 gxh4 33. gxh4 Rad8 34. Rxa5 Rc2 35. Kg2 Rdd2 36. Rg4+ Kf8 37. Rf4 f5 38. Ra7 Rxc3 39. Rb4 Rd8 40. a5 Ra3 41. a6 Kg8 42. Rbb7 Kh8 43. Rh7+ Kg8 44. Rag7+ Kf8 45. a7 Ra8 46. Rb7 Kg8 47. Rhc7 1-0